Most Streamed Songs by Rappers - Statistics

General Stats
  • This quiz has been taken 724 times
  • The average score is 11 of 14
Answer Stats
Hint Answer % Correct
God's Plan Drake
99%
Old Town Road Lil Nas X
98%
Sicko Mode Travis Scott
96%
SAD XXXTENTACION
96%
Lucid Dreams Juice WRLD
95%
XO Tour Llif3 Lil Uzi Vert
92%
Gucci Gang Lil Pump
87%
Murder on my Mind YNW Melly
86%
Drip to Hard Lil Baby
82%
Better Now Post Malone
82%
Thotiana BlueFace
69%
Noticed Lil Mosey
58%
BILLY 6ix9ine
56%
Nowadays Lil Skies
43%
No matching quizzes found
Score Distribution
Percent of People with Each Score
Percentile by Number Answered
Your Score History
You have not taken this quiz